2017 Movie Characters by Film Blitz Quiz Stats

 Plays Quiz Updated Nov 1, 2020

Support Sporcle.
Go Orange.
Score 0/10 Timer 00:45
3 Plays Today
% Correct
Tommy
Dunkirk
94.7%
Diana Prince
Justice League
94.1%
Henry Turner
Pirates of the Caribbean:
Dead Men Tell No Tales
92%
Chris Washington
Get Out
89.9%
Ruby Roundhouse
Jumanji: Welcome
to the Jungle
89.6%
Christine McPherson
Lady Bird
88.6%
Valerian
Valerian and the City
of a Thousand Planets
84.1%
Tommy Wiseau
The Disaster Artist
81.8%
Laura Howlett
Logan
79.1%
Tree Gelbman
Happy Death Day
77.1%

You're not logged in!

Compare scores with friends on all Sporcle quizzes.
OR
Log In

From the Vault

Real College Mascots

by AdmiralMaxtreme

Mascots come from all walks of life.
Remove Ads.
Support Sporcle.
Get the best of Sporcle when you Go Orange. This ad-free experience offers more features, more stats, and more fun while also helping to support Sporcle. Thank you for becoming a member.

Show Comments

Extras

Top Quizzes Today


Score Distribution

Your Account Isn't Verified!

In order to create a playlist on Sporcle, you need to verify the email address you used during registration. Go to your Sporcle Settings to finish the process.

Report this User

Report this user for behavior that violates our Community Guidelines.

Details: